Statistics for Black-coloured Pokémon (by Pokedex)

Click here to take the quiz!

General Stats

  • This quiz has been taken 113 times
  • The average score is 9 of 32

Answer Stats

GenAnswer% Correct
VZekrom
62%
IIMurkrow
58%
IVHonchkrow
55%
IVDarkrai
54%
IIUmbreon
53%
IIHoundoom
47%
IIHoundour
47%
IIIBanette
41%
IISneasel
35%
IVWeavile
33%
IIIDuskull
32%
IIIShuppet
32%
IIIDusclops
31%
IVDusknoir
29%
VBlitzle
28%
VZebstrika
28%
IIUnown
26%
VYamask
23%
IVGiratina
19%
IIISeviper
15%
ISnorlax
15%
VChandelure
14%
IIIClaydol
13%
IVMunchlax
13%
IIIMawile
12%
VLampent
10%
VSigilyph
9%
IVChatot
8%
VIScatterbug
6%
IIISpoink
6%
VISpewpa
5%
VIVivillon
4%

Score Distribution

Percentile by Number Answered

Percent of People with Each Score

Your Score History

You have not taken this quiz